The fictional world of toni morrison / (Record no. 39213)
[ view plain ]
| 000 -LEADER | |
|---|---|
| fixed length control field | 00519nam a22001817a 4500 |
| 005 - DATE AND TIME OF LATEST TRANSACTION | |
| control field | 20100804134016.0 |
| 010 ## - LCCN (DPL NO) | |
| LC control number | ENG-98238 |
| 020 ## - INTERNATIONAL STANDARD BOOK NUMBER | |
| International Standard Book Number | 9788190741682 |
| Terms of availability | 45.00 |
| 035 ## - SYSTEM CONTROL NUMBER | |
| System control number | EN-81771 |
| 037 ## - SOURCE OF ACQUISITION | |
| Source of stock number/acquisition | DBAD/PUB |
| 082 ## - DEWEY DECIMAL CLASSIFICATION NUMBER | |
| Classification number | 883 |
| 100 ## - MAIN ENTRY--PERSONAL NAME | |
| Personal name | Ramya, S. |
| 245 ## - TITLE STATEMENT | |
| Title | The fictional world of toni morrison / |
| Statement of responsibility, etc | by S.Ramya |
| 260 ## - PUBLICATION, DISTRIBUTION, ETC. (IMPRINT) | |
| Place of publication, distribution, etc | Thanjavur |
| Name of publisher, distributor, etc | Printmagic |
| Date of publication, distribution, etc | 2008 |
| 270 ## - ADDRESS | |
| Address | #2, Firt Floor, Gura Complex, Rajappa Nagar, Medical College Road, |
| City | Thanjavur |
| Postal code | 613007 |
| 300 ## - PHYSICAL DESCRIPTION | |
| Extent | 64p. |
| Dimensions | 21cm (pbk) |
| 942 ## - ADDED ENTRY ELEMENTS (KOHA) | |
| Source of classification or shelving scheme | Dewey Decimal Classification |
| Item type | Bengali Books |
No items available.
